| 000 | 01493cam a2200385 i 4500 | ||
|---|---|---|---|
| 001 | 56268 | ||
| 003 | Mx-PuUPA | ||
| 005 | 20260410090051.0 | ||
| 008 | 140415s2014 mx ao fr 000 0 spa d | ||
| 020 | _a9786070079283 | ||
| 040 |
_erda _aMx-PuUPA _bspa _cMx-PuUPA _dMx-PuUPA |
||
| 041 | 0 | _aspa | |
| 100 | 1 |
_aPérez Lizaur, Ana Bertha, _bautor |
|
| 245 | 1 | 0 |
_aSistema mexicano de alimentos equivalentes / _cAna Bertha Pérez Lizaur, Berenice Palacios González |
| 246 | 3 | _asmae | |
| 250 |
_aCuarta edición / _brevisada |
||
| 264 | 1 |
_aMéxico, D.F. : _bFomento de Nutrición y Salud, _c2014 |
|
| 300 |
_a164 páginas : _bilustraciones, tablas ; _c27 cm |
||
| 336 |
_atexto _2rdacontent _btxt |
||
| 337 |
_asin medio _2rdamedia _bn |
||
| 338 |
_avolumen _2rdacarrier _bnc |
||
| 650 | 7 |
_aSistema mexicano de alimentos equivalentes _2armarc |
|
| 650 | 7 |
_aAlimentos dietéticos _2armarc _zMéxico |
|
| 650 | 7 |
_aAlimentos _vTablas, cálculo, etc _2armarc |
|
| 650 | 7 |
_aAlimentos _xComposición _zMéxico _2armarc |
|
| 650 | 7 |
_aNutrición _zMéxico _2armarc |
|
| 700 | 1 |
_aPalacios González, Berenice, _eautor |
|
| 942 |
_2ddc _cLI _h613.20972 _iP426 |
||
| 999 |
_c56268 _d56268 |
||